00333nam a2200121Ia 4500008004000000020001800040082001600058100002200074245003400096260005500130300001100185650001500196210210b1983 xxu||||| |||| 00| 0 eng d a0 7069 2495 9 a954.91 BHUP aBHUTTO (Benazir). aPakistan the gathering storm. aNew Delhi.bVikas Publishing House Pvt Ltd.,c1983 avi,116 aPakistan